000
00264 a2200097 4500
001
39668
100
_a
Tanzul-ur-Rehman
245
_a
Objective resolution & its impact on Pakistan constitutional law
260
_a
Karachi
_b
Royal book
_c
1996
090
_c
24687
_d
24687
942
_a
NUST-CAE
_c
M
_c
16321
999
_c
274741
_d
274741